000 00238nam a2200097Ia 4500
001 808775
005 20250826171256.0
008 250824s9999 xx 000 0 und d
245 0 _aMART MENEKŞELERİ
_cSARAH JIO
260 _bARKADYA YAYINLARI
999 _c808775
_d808775